LEADER 01911oam 2200517 450 001 9910711666503321 005 20200528123822.0 035 $a(CKB)5470000002485395 035 $a(OCoLC)1078222004 035 $a(EXLCZ)995470000002485395 100 $a20181206d2018 ua 0 101 0 $aeng 135 $aurbn||||a|||| 181 $ctxt$2rdacontent 182 $cc$2rdamedia 183 $acr$2rdacarrier 200 10$aCombating the opioid crisis $eimproving the ability of Medicare and Medicaid to provide care for patients : hearing before the Subcommittee on Health of the Committee on Energy and Commerce, House of Representatives, One Hundred Fourteenth Congress, second session, April 11 & 12, 2018 210 1$aWashington :$cU.S. Government Publishing Office,$d2018. 215 $a1 online resource (vi, 468 pages) $cillustrations +$eerrata (2 unnumbered pages) 300 $aErrata corrects One Hundred Fourteenth Congress in title to One Hundred Fifteenth Congress. 300 $a"Serial No. 115-116." 320 $aIncludes bibliographical references. 517 $aCombating the opioid crisis 606 $aOpioids$xOverdose$zUnited States$xPrevention 606 $aOpioid abuse$zUnited States$xPrevention 606 $aMedicare$xLaw and legislation 606 $aMedicaid$xLaw and legislation 606 $aDrug control$zUnited States 608 $aLegislative hearings.$2lcgft 615 0$aOpioids$xOverdose$xPrevention. 615 0$aOpioid abuse$xPrevention. 615 0$aMedicare$xLaw and legislation. 615 0$aMedicaid$xLaw and legislation. 615 0$aDrug control 801 0$bGPO 801 1$bGPO 801 2$bMERUC 801 2$bOCLCF 801 2$bIAD 801 2$bOCLCO 801 2$bUPM 801 2$bGPO 906 $aBOOK 912 $a9910711666503321 996 $aCombating the opioid crisis$93475654 997 $aUNINA LEADER 01475oas 2200541 a 450 001 9910139279503321 005 20260218112649.0 035 $a(OCoLC)762004606 035 $a(CONSER) 2012268503 035 $a(CKB)2480000000004299 035 $a(DE-599)2638992-7 035 $a(EXLCZ)992480000000004299 100 $a20110210a20099999 uy b 101 0 $aspa 135 $aur|n||||||||| 181 $ctxt$2rdacontent 182 $cc$2rdamedia 183 $acr$2rdacarrier 200 00$a452°F 210 $aBarcelona $cAsociacio?n Cultural 452°F 300 $aRefereed/Peer-reviewed 311 08$a2013-3294 517 1 $aFour hundred and fifty-two degrees Fahrenheit 517 1 $aCuatrocientos cincuenta y dos grados Fahrenheit 517 1 $aQuatre-cents cinquanta-dos graus Fahrenheit 517 1 $aLaurehun eta berrogeita hamabi gradu Fahrenheit 531 1 $a452° F 606 $aComparative literature$vPeriodicals 606 $aComparative literature$2fast$3(OCoLC)fst01734553 608 $aPeriodicals.$2fast 615 0$aComparative literature 615 7$aComparative literature. 801 0$bAU@ 801 1$bAU@ 801 2$bOCLCQ 801 2$bSERSO 801 2$bOCLCO 801 2$bSERSO 801 2$bCUS 801 2$bOCLCF 801 2$bOCLCO 801 2$bOCLCQ 801 2$bSRU 801 2$bOCLCQ 906 $aJOURNAL 912 $a9910139279503321 996 $a452°F$92181053 997 $aUNINA